Fr. Conceicao Rodrigues College of Engineering

Professional C # (Record no. 34018)

MARC details
000 -LEADER
fixed length control field 00283nam a2200145Ia 4500
082 ## - DEWEY DECIMAL CLASSIFICATION NUMBER
Classification number 005.133'C'
Item number ROB
100 ## - MAIN ENTRY--PERSONAL NAME
Personal name Robinson/ Simon
245 ## - TITLE STATEMENT
Title Professional C #
260 ## - PUBLICATION, DISTRIBUTION, ETC.
Name of publisher, distributor, etc. Wrox
Date of publication, distribution, etc. 2001
300 ## - PHYSICAL DESCRIPTION
Extent 1311
546 ## - LANGUAGE NOTE
Language note ENGLISH
654 ## - SUBJECT ADDED ENTRY--FACETED TOPICAL TERMS
Focus term C #
942 ## - ADDED ENTRY ELEMENTS (KOHA)
Koha item type BOOK
Holdings
Withdrawn status Lost status Damaged status Not for loan Collection Home library Current library Date acquired Total Checkouts Full call number Barcode Date last seen Price effective from Koha item type
        CRC Fr. Agnel's C.Rodrigues College of Engineering Fr. Agnel's C.Rodrigues College of Engineering 17/03/2023   005.133'C' ROB 12307 17/03/2023 17/03/2023 BOOK
        CRC Fr. Agnel's C.Rodrigues College of Engineering Fr. Agnel's C.Rodrigues College of Engineering 17/03/2023   005.133'C' ROB 12308 17/03/2023 17/03/2023 BOOK
        CRC Fr. Agnel's C.Rodrigues College of Engineering Fr. Agnel's C.Rodrigues College of Engineering 17/03/2023   005.133'C' ROB 12309 17/03/2023 17/03/2023 Reference Book